| 000 | 01086nam a2200253 a 4500 | ||
|---|---|---|---|
| 001 | BRCA_1629 | ||
| 005 | 20190320203502.0 | ||
| 008 | 000802s1999 sp-a---##b---#000-0#spa-d | ||
| 020 | _a8477826455 | ||
| 040 |
_aI5B _bspa _cI5B _dPL# |
||
| 050 | 4 |
_aD180.5 _b.C37 1999 |
|
| 245 | 1 | 0 |
_aCarolus V Imperator _cFernando Chueca Goitia ... [et al.] ; edición a cargo de Pedro Navascués Palacio ; prólogo de Geoffrey Parker ; coordinación fotográfica de Ana María Chagra. |
| 260 |
_aBarcelona _bLunwerg _c1999 |
||
| 300 |
_a457 p. _bil. a color _c30 cm. _e1 vol. en inglés : p. 69 |
||
| 504 | _aIncluye referencias bibliográficas | ||
| 600 | 1 | 4 |
_aCarlos _bV _cEmperador del Sacro Imperio Romano _d1500-1558 _vBiografía _95095 |
| 600 | 1 | 4 |
_aCarlos _bV _cEmperador de Alemania _d1500-1558 _xBiografía _95096 |
| 650 | 1 | 4 |
_aReyes y soberanos _vBiografías _ySiglo XVI _zEspaña _95097 |
| 650 | 1 | 4 |
_aReyes y nobles _vBiografías _ySiglo XVI _zEspaña _95098 |
| 700 | 1 |
_aChueca Goitia, Fernando _95099 |
|
| 700 | 1 |
_aNavascués Palacio, Pedro _95100 |
|
| 700 | 1 |
_aParker, Geoffrey _95101 |
|
| 942 |
_2lcc _cB |
||
| 999 |
_c1434 _d1434 |
||